Á lódáil...

Sociology of postmodernism /

Sonraí Bibleagrafaíochta
Príomhúdar: Lash, Scott
Formáid: Printed Book
Teanga:English
Foilsithe: London ; New York : Routledge, 1990.
Sraith:International library of sociology
Ábhair:
LEADER 00906cam a2200229 a 4500
005 20150225145122.0
008 890914s1990 enk b 001 0 eng
020 |a 0415047846 
020 |a 9780415047852 
020 |a 0415047854 (pbk.) 
082 0 0 |a 301 LAS  |2 20 
100 1 |a Lash, Scott. 
245 1 0 |a Sociology of postmodernism /  |c Scott Lash. 
260 |a London ;  |a New York :  |b Routledge,  |c 1990. 
300 |a xi, 300 p. ;  |c 23 cm. 
440 0 |a International library of sociology 
650 0 |a Sociology. 
650 0 |a Postmodernism 
942 |2 ddc  |c BK 
999 |c 4913  |d 4913 
952 |0 0  |1 0  |2 ddc  |4 0  |6 301_000000000000000_LAS  |7 0  |9 6895  |a MAIN  |b MAIN  |d 2013-12-31  |e Poorna Publications  |g 995.00  |o 301 LAS  |p 7050  |r 2013-12-31  |t 1  |w 2013-12-31  |y BK 
952 |0 0  |1 0  |2 ddc  |4 0  |6 301_000000000000000_LAS  |7 0  |9 17518  |a MAIN  |b MAIN  |d 2015-09-22  |e Mathrubhumi Books  |g 3543.00  |l 1  |o 301 LAS  |p 18607  |r 2016-09-06  |s 2016-07-27  |t 2  |w 2015-09-22  |y BK